=LDR 00000nam 2200000 4500 =001 INLIS000000000045147 =005 20141224165600.0 =006 =007 =008 =020 ##$$a 979-8001-74-5 =035 ##$$0010-121400000000297 =082 ##$$a 615.19 =090 ##$$a 615.19$bNog k =100 ##$$a Nogrady,t =245 ##$$a kimia medesinal =260 ##$$a bandung $c1992 =300 ##$$a 630 hal,21 cm =440 ##$$a pendekatan secara biokia =700 ##$$a Thomas Nogrady =990 ##$$a 0001/BPAP-NTB/20142014